00627nam a2200157 a 450000100100000000500170001000800410002704000250006810000180009324501320011126000710024330000200031450000630033450000420039750400300043900003914120201002031520.0130527s1990 dr 000 0 spa d aDO-SdBNPbspacBNPHU1 aPoyo, Jeffrey10aRepresión y liberalización financiera en las cooperativas de ahorro y credito en la República Dominicana /cJeffrey Poyo. aSanto Domingo :bCentro de Estudios Monetarios y Bancarios,c1990. a62 p. ;c22 cm. aIncluye datos biográficos del autor en la contracubierta aIncluye notas al pie de las páginas aBibliografía : p. 61-62